| 000 | 01012nac a22002897a 4500 | ||
|---|---|---|---|
| 001 | BR9903832 | ||
| 003 | BR-BrBNA | ||
| 005 | 20240124151034.0 | ||
| 008 | 230509b bl.|||m| |||| 00| 0 por d | ||
| 040 |
_aBR-BrBNA _bpor _cBiblioteca Nacional de Agricultura |
||
| 072 | _aA01 | ||
| 090 |
_aA01 _bBR9903832 |
||
| 100 | 1 | _aSilveira, Miguel Angelo da | |
| 100 | 1 | _aVilela, Sérgio L. de O.(ed.) | |
| 110 | 1 |
_aCentro Nacional de Pesquisa de Monitoramento e Avaliacao de Impacto Ambiental, Jaguariuna, SP (Brasil) _91791 |
|
| 245 | 1 | _aGlobalização e sustentabilidade da agricultura / | |
| 260 | 3 |
_aJaguariuna, SP (Brasil): _c1998. |
|
| 300 | _a156 p. | ||
| 490 |
_aDocumentos - Centro Nacional de Pesquisa de Monitoramento e Avaliacao de Impacto Ambiental (Brazil) _vno. 15 _xISSN 1413-0084 |
||
| 500 | _aSeveral bibliography | ||
| 650 | _aAgricultura | ||
| 650 | _aAgribusiness | ||
| 650 | _aAgricultura Familiar | ||
| 650 | _aMeio Ambiente | ||
| 650 | _aPesquisa Agricola | ||
| 942 |
_2AGRIS _n0 _cMS |
||
| 999 |
_c290083 _d290083 |
||